00512 a2200181 450000100060000002000060000604000220001210000370003424000380007124500330010930000060014236200090014844000230015765000370018094200070021795200890022499900170031354489 a  cAnchieta - Pituba aMonique Meirelles/ Josie Azevedo10a1ª Redação, III unidadelpor10a1ª Redação, III unidade a30 a2016 1aColégio Anchieta 4aLínguas espanhola e portuguesa cBK 00104070a91.1b91.1d2023-11-21l0p3862/PITr2023-11-21 18:22:14w2023-11-21yBK c54489d54489